| 000 | 04654cam a22004694a 4500 | ||
|---|---|---|---|
| 001 | 16162338 | ||
| 005 | 20170105102853.0 | ||
| 008 | 100329s2010 nyuab b 001 0 eng | ||
| 010 | _a 2010013627 | ||
| 015 |
_aGBB098015 _2bnb |
||
| 016 | 7 |
_a015629270 _2Uk |
|
| 020 | _a9780230105324 | ||
| 020 | _a0230105327 | ||
| 020 | _a9780230105331 (pbk.) | ||
| 020 | _a0230105335 (pbk.) | ||
| 035 | _a(OCoLC)ocn500819557 | ||
| 040 |
_aDLC _cDLC _dYDX _dBTCTA _dYDXCP _dUKM _dCDX _dPMC _dPUL _dDLC |
||
| 042 | _apcc | ||
| 043 |
_at------ _ar------ |
||
| 050 | 0 | 0 |
_aQ180.A3 _bG56 2010 |
| 082 | 0 | 0 |
_a509.11 _222 |
| 245 | 0 | 0 |
_aGlobalizing polar science : _breconsidering the International Polar and Geophysical years / _cedited by Roger D. Launius, James Roger Fleming, and David H. DeVorkin. |
| 250 | _a1st ed. | ||
| 260 |
_aNew York : _bPalgrave Macmillan, _c2010. |
||
| 300 |
_axii, 386 p. : _bill., maps ; _c24 cm. |
||
| 490 | 1 | _aPalgrave studies in the history of science and technology | |
| 504 | _aIncludes bibliographical references and index. | ||
| 505 | 0 | _aA polar perspective / Michael Aaron Dennis -- Making science global? Coordinated enterprises in nineteenth-century science / Marc Rothenberg -- Publishing arctic science in the nineteenth century : the case of the first International Polar Year / Philip N. Cronenwett -- Toward the poles : a historiography of scientific exploration during the International Polar Years and the International Geophysical Year / Roger D. Launius -- Going global in polar exploration : nineteenth-century American and British nationalism and peacetime science / Christopher Carter -- Swedish polar policies from the first International Polar Year to the present / Lisbeth Lewander -- The polar years and Japan / William R. Stevenson -- China and the International Geophysical Year / Zuoyue Wang and Jiuchen Zhang -- Approaching the southern hemisphere : the German pathway in the nineteenth century / Cornelia Lüdecke -- Sydney Chapman : dynamo behind the International Geophysical Year / Gregory A. Good -- Lloyd Berkner and the International Geophysical Year proposal in context : with some comments onthe implications for the Comité Spéciale de l'Année Géophysique Internationale, CSAGI, request for launching earth orbiting satellites / Allan A. Needell -- Polar and global meteorology in the career of Harry Wexler, 1933-62 / James Rodger Fleming -- Science, environment, and sovereignty : the International Geophysical Year in the Antarctic Peninsula region / Adrian Howkins -- The International Geophysical Year in Antarctica : a triumph of "apolitical" science, politics, and peace / Dian Olson Belanger -- Tracking diplomacy : the International Geophysical Year and American Scientific and Technical Exchange with East Asia / Teasel Muir-Harmony -- Geodesy, time, and the Markowitz Moon Camera Program : an interwoven international geophysical year story / Steven J. Dick -- The International Geophysical Year and planetary science / Erik M. Conway -- Polar politics, historical narratives, and Saami prehistory / Noel D. Broadbent -- Stratospheric ozone depletion and greenhouse gases since the International Geophysical Year : F. Sherwood Rowland and the evolution of earth science / Dasan M. Thamattoor. | |
| 520 | _a"The International Polar Years and the International Geophysical Year represented a remarkable international collaborative scientific effort that was focused on, but not limited to, understanding the Earth's poles. This groundbreaking collection redresses the surprising failure of historians to explore beyond even a cursory manner the richness of the IPYs and IGY as sites of historical and scientific study. In doing so, it illuminates critical aspects of the last 150 years of international scientific endeavour"-- | ||
| 650 | 0 |
_aResearch _zPolar Regions _xInternational cooperation _xHistory. |
|
| 650 | 0 |
_aGeophysics _xInternational cooperation. |
|
| 700 | 1 | _aLaunius, Roger D. | |
| 700 | 1 | _aFleming, James Rodger. | |
| 700 | 1 |
_aDeVorkin, David H., _d1944- |
|
| 830 | 0 | _aPalgrave studies in the history of science and technology. | |
| 856 | 4 | 2 |
_3Contributor biographical information _uhttp://www.loc.gov/catdir/enhancements/fy1204/2010013627-b.html |
| 856 | 4 | 2 |
_3Publisher description _uhttp://www.loc.gov/catdir/enhancements/fy1204/2010013627-d.html |
| 856 | 4 | 1 |
_3Table of contents only _uhttp://www.loc.gov/catdir/enhancements/fy1204/2010013627-t.html |
| 906 |
_a7 _bcbc _corignew _d1 _eecip _f20 _gy-gencatlg |
||
| 942 |
_2ddc _cBK |
||
| 999 |
_c14359 _d14359 |
||